[Event "Colmenarejo Autumn op 25th"]
[Site "Colmenarejo"]
[Date "2018.09.23"]
[Round "2"]
[White "Vazquez Rodriguez, Maria Elena"]
[Black "Olmedo Alvarez, Jesus"]
[Result "1-0"]
[WhiteElo "1591"]
[BlackElo "1350"]
[PlyCount "53"]
[EventDate "2018.09.16"]
[EventType "swiss"]
[EventRounds "7"]
[EventCountry "ESP"]
[SourceTitle "CBM 187 Extra"]
[Source "ChessBase"]
[SourceDate "2018.11.04"]
[SourceVersion "1"]
[SourceVersionDate "2018.11.04"]
[SourceQuality "1"]

1. d4 e6 2. c4 f5 3. Nc3 Nf6 4. Nf3 c6 5. Ne5 d5 6. Bg5 Nbd7 7. f4 Be7 8. e3 0-0 9. Bd3 Qe8 10. Qf3 Ne4 11. h4 Nxe5 12. dxe5 Qf7 13. g4 h6 14. Bxe7 Qxe7 15. g5 Qf7 16. Rg1 hxg5 17. hxg5 g6 18. Rh1 Bd7 19. Rh6 Qg7 20. Qh3 Rf7 21. Bxe4 dxe4 22. Kf2 Kf8 23. Rh8+ Ke7 24. Rxa8 Rf8 25. Rxf8 Qxf8 26. Qh7+ Kd8 27. Rd1 1-0

[Event "Madrid Colmenarejo Autumn op 22nd"]
[Site "Madrid"]
[Date "2017.10.08"]
[Round "4"]
[White "Vazquez Rodriguez, Maria Elena"]
[Black "Serrano Martinez, Francisco Jose"]
[Result "0-1"]
[WhiteElo "1561"]
[BlackElo "1851"]
[PlyCount "56"]
[EventDate "2017.09.17"]
[EventType "swiss"]
[EventRounds "7"]
[EventCountry "ESP"]
[SourceTitle "EXT 2019"]
[Source "ChessBase"]
[SourceDate "2018.10.10"]
[SourceVersion "1"]
[SourceVersionDate "2018.10.10"]
[SourceQuality "1"]

1. d4 Nf6 2. c4 e5 3. Bg5 exd4 4. Qxd4 Be7 5. Nf3 0-0 6. e3 Nc6 7. Qd1 d5 8. Nbd2 Bf5 9. a3 d4 10. Qb3 Ng4 11. h4 Na5 12. Qb5 c5 13. Bxe7 Qxe7 14. Nxd4 cxd4 15. Qxf5 dxe3 16. Ne4 exf2+ 17. Ke2 Nxc4 18. Qxg4 f5 19. Qg5 Qxe4+ 20. Kxf2 Qd4+ 21. Kg3 Nd2 22. Qf4 Qxb2 23. Bc4+ Kh8 24. Kh2 Nxc4 25. Qxc4 Qe5+ 26. g3 Rac8 27. Qb3 Rc3 28. Qxb7 Qxg3# 0-1

[Event "Colmenarejo Autumn op"]
[Site "Colmenarejo"]
[Date "2016.11.06"]
[Round "7"]
[White "Vazquez Rodriguez, Maria Elena"]
[Black "Pena Hernandez, Francisco Javier"]
[Result "0-1"]
[WhiteElo "1578"]
[BlackElo "1393"]
[PlyCount "150"]
[EventDate "2016.09.25"]
[EventType "swiss"]
[EventRounds "7"]
[EventCountry "ESP"]
[SourceTitle "EXT 2019"]
[Source "ChessBase"]
[SourceDate "2018.10.10"]
[SourceVersion "1"]
[SourceVersionDate "2018.10.10"]
[SourceQuality "1"]

1. d4 d5 2. c4 Nc6 3. Nc3 e6 4. Nf3 h6 5. Bf4 a6 6. e3 Nf6 7. cxd5 Nxd5 8. Bg3 Bb4 9. Rc1 0-0 10. a3 Nxc3 11. bxc3 Bxa3 12. Ra1 Bb2 13. Ra4 Bxc3+ 14. Nd2 e5 15. dxe5 Bxe5 16. Qc2 Bxg3 17. hxg3 Qf6 18. Ne4 Qg6 19. Bd3 Ne5 20. Be2 Qc6 21. Qd1 Bf5 22. f3 Rad8 23. Qa1 Nd3+ 24. Bxd3 Rxd3 25. Ra3 Rxa3 26. Qxa3 Bxe4 27. fxe4 Qxe4 28. Kf2 Rd8 29. Qc3 c6 30. Rh4 Qd3 31. Qe5 Qd6 32. Qe4 Qe6 33. Qb4 Qd7 34. Rd4 Qf5+ 35. Rf4 Qc8 36. Qe7 Rd7 37. Qe5 Rd5 38. Qe4 Qe6 39. Qb4 Rf5 40. Qxb7 Rxf4+ 41. gxf4 Qc4 42. Qc8+ Kh7 43. Qf5+ g6 44. Qc8 a5 45. g4 Qe6 46. Qc7 a4 47. Qa7 Qa2+ 48. Kg3 a3 49. Qe7 Qe6 50. Qxa3 Qd5 51. Qf8 c5 52. Qe7 Kg7 53. g5 hxg5 54. fxg5 c4 55. Qf6+ Kf8 56. Qh8+ Ke7 57. Qf6+ Kd7 58. Qc3 Qxg5+ 59. Kf3 Qd5+ 60. Kf4 Qd3 61. Qd4+ Qxd4+ 62. exd4 c3 63. Ke3 Kd6 64. Kd3 Kd5 65. Kxc3 f5 66. Kd3 g5 67. Ke3 f4+ 68. Kf3 Kxd4 69. Ke2 Ke4 70. Kf2 g4 71. Kg2 Ke3 72. Kf1 f3 73. Ke1 g3 74. Kf1 g2+ 75. Kg1 Ke2 0-1

[Event "Colmenarejo Autumn op"]
[Site "Colmenarejo"]
[Date "2016.10.23"]
[Round "5"]
[White "Olmedo Alvarez, Jesus"]
[Black "Vazquez Rodriguez, Maria Elena"]
[Result "1-0"]
[WhiteElo "1335"]
[BlackElo "1578"]
[PlyCount "75"]
[EventDate "2016.09.25"]
[EventType "swiss"]
[EventRounds "7"]
[EventCountry "ESP"]
[SourceTitle "EXT 2019"]
[Source "ChessBase"]
[SourceDate "2018.10.10"]
[SourceVersion "1"]
[SourceVersionDate "2018.10.10"]
[SourceQuality "1"]

1. d4 Nf6 2. c4 g6 3. Nc3 d6 4. e4 Bg7 5. Nf3 0-0 6. Bd3 Nc6 7. a3 e5 8. d5 Ne7 9. h3 c6 10. 0-0 Qb6 11. Na4 Qc7 12. Be3 Bd7 13. Rc1 c5 14. b4 b6 15. Nc3 Nh5 16. Ne2 f5 17. Bg5 Nf6 18. Bxf6 Rxf6 19. Ng3 f4 20. Ne2 Raf8 21. Kh2 Bh6 22. Neg1 g5 23. g4 fxg3+ 24. fxg3 g4 25. Nh4 Bxc1 26. Qxc1 Rf2+ 27. Kh1 Rxf1 28. Bxf1 Ng6 29. Be2 gxh3 30. Qg5 Kg7 31. Nxg6 hxg6 32. Bh5 Rf6 33. Nf3 Qd8 34. Bxg6 Kf8 35. Qh6+ Kg8 36. Qh7+ Kf8 37. Qh8+ Ke7 38. Qg7+ 1-0

[Event "Colmenarejo Autumn op"]
[Site "Colmenarejo"]
[Date "2016.10.02"]
[Round "2"]
[White "Garcia Fernandez, Jose Luis"]
[Black "Vazquez Rodriguez, Maria Elena"]
[Result "1-0"]
[WhiteElo "1789"]
[BlackElo "1578"]
[PlyCount "55"]
[EventDate "2016.09.25"]
[EventType "swiss"]
[EventRounds "7"]
[EventCountry "ESP"]
[SourceTitle "EXT 2019"]
[Source "ChessBase"]
[SourceDate "2018.10.10"]
[SourceVersion "1"]
[SourceVersionDate "2018.10.10"]
[SourceQuality "1"]

1. e4 c5 2. Nc3 Nc6 3. g3 Nf6 4. Bg2 g6 5. d3 Qb6 6. Nd5 Nxd5 7. exd5 Nd4 8. Nf3 Bg7 9. c3 Nf5 10. 0-0 0-0 11. Qe2 Re8 12. Bf4 d6 13. Qd2 e5 14. dxe6 Bxe6 15. Rfe1 Ne7 16. Re2 a5 17. Rae1 Qc7 18. d4 Nd5 19. dxc5 Nxf4 20. Qxf4 Qxc5 21. Bh3 Qd5 22. Ng5 Be5 23. Qh4 Bxh3 24. Qxh7+ Kf8 25. Qxh3 Bg7 26. Nh7+ Kg8 27. Rxe8+ Rxe8 28. Rxe8+ 1-0

[Event "Colmenarejo Autumn op"]
[Site "Colmenarejo"]
[Date "2015.09.27"]
[Round "2"]
[White "Vazquez Rodriguez, Maria Elena"]
[Black "Garcia Fernandez, Jose Luis"]
[Result "0-1"]
[WhiteElo "1591"]
[BlackElo "1789"]
[PlyCount "100"]
[EventDate "2015.09.20"]
[EventType "swiss"]
[EventRounds "7"]
[EventCountry "ESP"]
[SourceTitle "EXT 2019"]
[Source "ChessBase"]
[SourceDate "2018.10.10"]
[SourceVersion "1"]
[SourceVersionDate "2018.10.10"]
[SourceQuality "1"]

1. d4 e6 2. Nf3 f5 3. Bf4 Nf6 4. e3 d5 5. Nbd2 Be7 6. Ne5 0-0 7. Bd3 c5 8. c3 c4 9. Bc2 Qb6 10. Rb1 Qa5 11. a3 Nbd7 12. h3 Qd8 13. g4 Ne4 14. Ndf3 Bh4 15. Bxe4 fxe4 16. Nxh4 Nxe5 17. Bxe5 Qxh4 18. Bf4 Qe7 19. h4 g6 20. g5 Bd7 21. Be5 Be8 22. Qg4 b5 23. Qg3 Rc8 24. Ke2 Rf5 25. Rbf1 a5 26. Bd6 Qf7 27. Rh3 Rf3 28. Qg4 Qf5 29. Qxf5 Rxf5 30. Rg1 Rd8 31. Be5 Rd7 32. Rg4 Rb7 33. Rf4 b4 34. Rxf5 exf5 35. axb4 axb4 36. Bd6 bxc3 37. bxc3 Rb2+ 38. Kf1 Ba4 39. Rh2 Bd1 40. Ke1 Bf3 41. Ba3 Rc2 42. Bb4 Kf7 43. Rh3 Ke6 44. Rh2 Kd7 45. Rh3 Kc6 46. Rh2 Kb5 47. Rh3 Ka4 48. Rh2 Kb3 49. Rh3 Rxc3 50. Bxc3 Kxc3 0-1